| 000 | 00617cam a2200217 a 4500 | ||
|---|---|---|---|
| 001 | 18479 | ||
| 003 | BD-RjUL | ||
| 005 | 20211209000306.0 | ||
| 008 | 140220r19561966enk 000 1 eng d | ||
| 035 | _a(BD-RjUL)18537 | ||
| 040 |
_a2509 _beng _c2509 _dBD-RjUL |
||
| 041 | _aeng | ||
| 082 | 0 | 0 |
_a823.912 _bPRG 1966 |
| 100 | 1 |
_aPriestley, J. B. _q(John Boynton), _d1894-1984. _956938 |
|
| 245 | 1 | 4 |
_aThe good companions / _cJ. B. Priestley. |
| 250 | _aPopular ed. reset. | ||
| 260 |
_aLondon : _bHeinemann, _c1956 [Reprinted 1966]. |
||
| 300 |
_aviii, 604 p. ; _c21 cm. |
||
| 650 | 0 |
_aFiction. _956939 |
|
| 942 |
_2ddc _cBK |
||
| 999 |
_c18479 _d18479 |
||